[Event "Regionalliga SW 1516"]
[Site "Bayern"]
[Date "2015.10.25"]
[Round "2.8"]
[White "Baeuml, Manfred"]
[Black "Roell, Horst"]
[Result "1-0"]
[WhiteElo "1995"]
[BlackElo "1769"]
[PlyCount "53"]
[EventDate "2015.10.11"]
[EventType "team-tourn"]
[EventRounds "9"]
[EventCountry "GER"]
[SourceTitle "EXT 2018"]
[Source "ChessBase"]
[SourceDate "2017.10.13"]
[SourceVersion "1"]
[SourceVersionDate "2017.10.13"]
[SourceQuality "1"]
[WhiteTeam "Bayern Muenchen III"]
[BlackTeam "Tuerkheim/Bad Woerishofen"]
[WhiteTeamCountry "GER"]
[BlackTeamCountry "GER"]

1. c4 e5 2. g3 c5 3. Bg2 Nf6 4. Nc3 Nc6 5. e4 d6 6. Nge2 Be7 7. 0-0 0-0 8. d3 h6 9. a3 Bg4 10. h3 Bh5 11. Qe1 Bxe2 12. Nxe2 Nd7 13. b4 f5 14. exf5 Rxf5 15. b5 Na5 16. Rb1 Rb8 17. Bd2 b6 18. Nc3 Rf8 19. Nd5 Nb7 20. Qe2 Nf6 21. f4 Nd7 22. Qg4 exf4 23. Qe6+ Rf7 24. Rxf4 Bf6 25. Nxf6+ Nxf6 26. Bd5 Qd7 27. Qxd7 1-0

[Event "Augsburg Afro op-A 18th"]
[Site "Augsburg"]
[Date "2011.08.04"]
[Round "1"]
[White "Baeuml, Manfred"]
[Black "Mayer, Arnd"]
[Result "0-1"]
[WhiteElo "1829"]
[BlackElo "2080"]
[PlyCount "104"]
[EventDate "2011.08.04"]
[EventType "swiss"]
[EventRounds "7"]
[EventCountry "GER"]
[SourceTitle "EXT 2015"]
[Source "ChessBase"]
[SourceDate "2014.11.20"]
[SourceVersion "1"]
[SourceVersionDate "2014.11.20"]
[SourceQuality "1"]

1. c4 f5 2. g3 Nf6 3. Nc3 e5 4. Bg2 Bc5 5. d3 d6 6. e3 Nc6 7. Nge2 0-0 8. 0-0 Ne7 9. a3 c6 10. d4 Bb6 11. dxe5 dxe5 12. b4 Be6 13. c5 Bc7 14. Bb2 Qe8 15. Qc2 Qh5 16. Nd1 Rad8 17. f3 Rd7 18. Nf2 Qf7 19. e4 Rfd8 20. Bc3 Bb3 21. Qb2 Bc4 22. Rad1 Rxd1 23. Rxd1 Rxd1+ 24. Nxd1 fxe4 25. fxe4 Qh5 26. Bf1 Nxe4 27. Qc2 Bd5 28. Bg2 Qf5 29. Qd3 Nxc3 30. Qxc3 Qb1 31. Qd2 Qb3 32. Ndc3 Be6 33. Qg5 Ng6 34. Kf2 Qxa3 35. Be4 Qxb4 36. Bxg6 Qxc5+ 37. Kg2 hxg6 38. Qxg6 Bf7 39. Qf5 Qf8 40. Qd7 Qd8 41. Qf5 b5 42. g4 b4 43. Ne4 Bd5 44. N2g3 Qf8 45. Qd7 Bb6 46. Kh3 b3 47. Ng5 b2 48. Ne6 Bxe6 49. Qxe6+ Qf7 50. Qc8+ Kh7 51. Ne4 Qf3+ 52. Ng3 b1Q 0-1